| 000 | 00000nam 2200000za 4500 |
| 001 | 9.833132 |
| 003 | CaOODSP |
| 005 | 20240527135430 |
| 007 | cr ||||||||||| |
| 008 | 170227t2017 onc o f000 0 eng d |
| 020 | |a978-0-660-07786-4 |
| 040 | |aCaOODSP|beng |
| 043 | |an-cn--- |
| 086 | 1 |aCW69-14/222-2017E-PDF |
| 245 | 00|aCOSEWIC assessment and status report on the Blanding's Turtle, Emydoidea blandingii, Nova Scotia population, Great Lakes/St. Lawrence population, in Canada |h[electronic resource]. |
| 246 | 15|aCOSEWIC Status Report on the Blanding’s Turtle, Emydoidea blandingii, Nova Scotia population, Great Lakes/St. Lawrence population, in Canada |
| 260 | |aOttawa : |bEnvironment and Climate Change Canada, |c2017, c2016. |
| 300 | |axix, 110 p. : |bfigures. |
| 500 | |aIssued also in French under title: Évaluation et rapport de situation du COSEPAC sur la tortue mouchetée, Emydoidea blandingii, au Canada, population de la Nouvelle-Écosse, population des Grands Lacs et du Saint-Laurent, au Canada. |
| 500 | |aCover title. |
| 500 | |a"Endangered, 2016." |
| 500 | |a"COSEWIC would like to acknowledge Teresa Piraino and Jeffie McNeil for writing the status report on Blanding’s Turtle in Canada, prepared under contract with Environment and Climate Change Canada. This report was overseen by Jim Bogart, chair of the COSEWIC Amphibians and Reptiles Species Specialist Subcommittee." |
| 692 | 07|2gccst|aEndangered species |
| 692 | 07|2gccst|aNature conservation |
| 692 | 07|2gccst|aReptiles |
| 700 | 1 |aPiraino, Teresa J. |
| 700 | 1 |aMcNeil, Jeffie. |
| 700 | 1 |aBogart, Jim. |
| 710 | 2 |aCommittee on the Status of Endangered Wildlife in Canada. |
| 710 | 2 |aCanadian Wildlife Service. |
| 710 | 1 |aCanada. |bEnvironment and Climate Change Canada. |
| 775 | 08|tÉvaluation et rapport de situation du COSEPAC sur la tortue mouchetée, Emydoidea blandingii, population de la Nouvelle-Écosse, population des Grands Lacs et du Saint-Laurent, au Canada |w(CaOODSP)9.833133 |
| 795 | |tCOSEWIC assessment and update status report on the Blanding's turtle, Emydoidea blandingii, in Canada, Nova Scotia population, Great Lakes/St. Lawrence population |w(CaOODSP)9.559441 |
| 856 | 40|qPDF|s1.86 MB|uhttps://publications.gc.ca/collections/collection_2017/eccc/CW69-14-222-2017-eng.pdf |